Significación y características de los pactos colectivos de trabajo. (Record no. 144368)

MARC details
000 -LEADER
campo de control de longitud fija 00478nam a2200157 4500
001 - NÚMERO DE CONTROL
campo de control 144368
003 - IDENTIFICADOR DE NÚMERO DE CONTROL
campo de control ES-MaACL
005 - FECHA Y HORA DE LA ÚLTIMA TRANSACCIÓN
campo de control 20230906201013.0
007 - CAMPO FIJO DE DESCRIPCIÓN FÍSICA--INFORMACIÓN GENERAL
campo de control de longitud fija t|
008 - DATOS DE LONGITUD FIJA--INFORMACIÓN GENERAL
campo de control de longitud fija 070214s1957 sp r ||||1| spa d
245 00 - MENCIÓN DEL TÍTULO
Título Significación y características de los pactos colectivos de trabajo.
260 ## - PUBLICACIÓN, DISTRIBUCIÓN, ETC.
Lugar de publicación, distribución, etc. Madrid :
Nombre del editor, distribuidor, etc. Centro de Estudios Sindicales,
Fecha de publicación, distribución, etc. 1957.
300 ## - DESCRIPCIÓN FÍSICA
Extensión 44 p. ;
Dimensiones 24 cm.
710 2# - ENTRADA AGREGADA--NOMBRE DE ENTIDAD CORPORATIVA
Nombre de entidad corporativa o nombre de jurisdicción como elemento de entrada Centro de Estudios Sindicales.
9 (RLIN) 2669
852 ## - LOCALIZACIÓN
Ubicación ES-MaACL
Número de control de estantería 2006-F-7
Sublocalización o colección R.42455
Holdings
Estatus retirado Estado de pérdida Estado de daño No para préstamo Colección Biblioteca de origen Biblioteca actual Ubicación en estantería Fecha de adquisición Fuente de adquisición Total de préstamos Signatura topográfica completa Código de barras Visto por última vez Precio de reemplazo Tipo de ítem Koha
        Colección de folletos Biblioteca del Ateneo de Madrid Biblioteca del Ateneo de Madrid Depósito folletos 17/01/2008     2006-F-7 1150205 23/02/2023 23/02/2023 Folleto